| Tag |
First Indicator |
Second Indicator |
Subfields |
| LEADER |
00000pam a2200000 a 4500 |
| 001 |
in00000377413 |
| 005 |
20151011091328.0 |
| 008 |
820401s1982 nyu b 00110 eng |
| 010 |
|
|
|a 82004353
|
| 020 |
|
|
|a 0876323611
|
| 035 |
|
|
|a (OCoLC)08388083
|
| 035 |
|
|
|9 ABQ7248AM
|
| 039 |
0 |
|
|a 2
|b 3
|c 3
|d 3
|e 3
|
| 040 |
|
|
|a DLC
|c DLC
|d TXA
|d UtOrBLW
|
| 043 |
|
|
|a n-us---
|
| 049 |
|
|
|a TXAM
|c [000250]
|
| 050 |
0 |
0 |
|a KF2979
|b .K56 1982
|
| 082 |
0 |
|
|a 346.7304/8
|a 347.30648
|2 19
|
| 100 |
1 |
|
|a Kintner, Earl W.
|
| 245 |
1 |
3 |
|a An intellectual property law primer :
|b a survey of the law of patents, trade secrets, trademarks, franchises, copyrights, and personality and entertainment rights /
|c Earl W. Kintner, Jack Lahr.
|
| 250 |
|
|
|a 2nd ed.
|
| 264 |
|
1 |
|a New York, N.Y. :
|b C. Boardman Co.,
|c 1982.
|
| 300 |
|
|
|a xix, 556 pages ;
|c 24 cm.
|
| 336 |
|
|
|a text
|b txt
|2 rdacontent
|
| 337 |
|
|
|a unmediated
|b n
|2 rdamedia
|
| 338 |
|
|
|a volume
|b nc
|2 rdacarrier
|
| 500 |
|
|
|a Includes index.
|
| 504 |
|
|
|a Bibliography: pages 503-532.
|
| 650 |
|
0 |
|a Intellectual property
|z United States.
|
| 700 |
1 |
|
|a Lahr, Jack L.
|
| 999 |
|
|
|a MARS
|
| 999 |
f |
f |
|s f0728d99-7ca7-3aad-8048-0cb35f47cc55
|i 334ac02d-0e64-37d2-bbe2-8b9a317f9b9b
|t 0
|
| 952 |
f |
f |
|p normal
|a Texas A&M University
|b College Station
|c Sterling C. Evans Library
|d Evans: Library Stacks
|t 0
|e KF2979 .K56 1982
|h Library of Congress classification
|i unmediated -- volume
|m A14807515922
|
| 998 |
f |
f |
|a KF2979 .K56 1982
|t 0
|l Evans: Library Stacks
|